Internet Search Engines : An Introduction (Record no. 9560)

MARC details
000 -LEADER
fixed length control field 00402nam a2200157Ia 4500
008 - FIXED-LENGTH DATA ELEMENTS--GENERAL INFORMATION
fixed length control field 221030s9999 xx 000 0 und d
020 ## - INTERNATIONAL STANDARD BOOK NUMBER
ISBN 8131406342
041 ## - LANGUAGE CODE
Language code of text/sound track or separate title
082 ## - DEWEY DECIMAL CLASSIFICATION NUMBER
Classification number 105.23
100 ## - MAIN ENTRY--AUTHOR NAME
Personal name R. K. Jain
245 #0 - TITLE STATEMENT
Title Internet Search Engines : An Introduction
Statement of responsibility, etc by R. K. Jain
260 ## - PUBLICATION, DISTRIBUTION, ETC. (IMPRINT)
Name of publisher ICFAI University Press
Place of publication Hyderabad
Year of publication 2007
300 ## - PHYSICAL DESCRIPTION
Number of Pages 229
650 ## - SUBJECT ADDED ENTRY--TOPICAL TERM
Topical Term Management
942 ## - ADDED ENTRY ELEMENTS (KOHA)
Koha item type Books
Holdings
Accession Number Cost, normal purchase price Full call number Source of acquisition Price effective from Koha item type Withdrawn / writtenoff status Materials specified (bound volume or other part) Damaged status Not for loan Permanent Location Current Location Shelving location Date acquired Lost/ Missing status department
MBA 1776 17.00 105.23 ICFAI Univ. Press, Hyderabad 10/30/2022 Books   Print   Not For Loan MIET Library, Jammu MIET Library, Jammu BL-Academic Block B, FL-1, CUP-140, SH-3, R-3 09/13/2011   MBA